<?xml version="1.0" encoding="UTF-8"?>
<record
    xmlns:xsi="http://www.w3.org/2001/XMLSchema-instance"
    xsi:schemaLocation="http://www.loc.gov/MARC21/slim http://www.loc.gov/standards/marcxml/schema/MARC21slim.xsd"
    xmlns="http://www.loc.gov/MARC21/slim">

  <leader>00313nam a22001337a 4500</leader>
  <controlfield tag="005">20161022150211.0</controlfield>
  <controlfield tag="008">161022b        xxu||||| |||| 00| 0 eng d</controlfield>
  <datafield tag="041" ind1=" " ind2=" ">
    <subfield code="a">eng</subfield>
  </datafield>
  <datafield tag="100" ind1=" " ind2=" ">
    <subfield code="a">DESHMUKH,R.T</subfield>
    <subfield code="9">3616</subfield>
  </datafield>
  <datafield tag="245" ind1=" " ind2=" ">
    <subfield code="a">MINERAL AND MINE ECONOMICS</subfield>
  </datafield>
  <datafield tag="300" ind1=" " ind2=" ">
    <subfield code="a">558</subfield>
  </datafield>
  <datafield tag="650" ind1=" " ind2=" ">
    <subfield code="a">MINING ENGINEERING</subfield>
    <subfield code="9">3617</subfield>
  </datafield>
  <datafield tag="942" ind1=" " ind2=" ">
    <subfield code="c">BK</subfield>
  </datafield>
  <datafield tag="999" ind1=" " ind2=" ">
    <subfield code="c">5277</subfield>
    <subfield code="d">5275</subfield>
  </datafield>
  <datafield tag="952" ind1=" " ind2=" ">
    <subfield code="0">0</subfield>
    <subfield code="1">0</subfield>
    <subfield code="4">0</subfield>
    <subfield code="7">0</subfield>
    <subfield code="a">JRU</subfield>
    <subfield code="b">MAIN</subfield>
    <subfield code="c">SHELF-94-D</subfield>
    <subfield code="d">2016-10-22</subfield>
    <subfield code="e">Purchase</subfield>
    <subfield code="g">600.00</subfield>
    <subfield code="l">8</subfield>
    <subfield code="m">1</subfield>
    <subfield code="o">338.2</subfield>
    <subfield code="p">21346</subfield>
    <subfield code="r">2026-01-05 10:47:16</subfield>
    <subfield code="s">2025-12-27</subfield>
    <subfield code="w">2016-10-22</subfield>
    <subfield code="y">BK</subfield>
  </datafield>
  <datafield tag="952" ind1=" " ind2=" ">
    <subfield code="0">0</subfield>
    <subfield code="1">0</subfield>
    <subfield code="4">0</subfield>
    <subfield code="7">0</subfield>
    <subfield code="8">MINING</subfield>
    <subfield code="a">JRU</subfield>
    <subfield code="b">JRU</subfield>
    <subfield code="c">SHELF-94-D</subfield>
    <subfield code="d">2016-10-22</subfield>
    <subfield code="e">Purchase</subfield>
    <subfield code="g">600.00</subfield>
    <subfield code="l">8</subfield>
    <subfield code="m">3</subfield>
    <subfield code="o">338.2</subfield>
    <subfield code="p">21347</subfield>
    <subfield code="r">2024-06-27 09:51:23</subfield>
    <subfield code="s">2024-02-17</subfield>
    <subfield code="w">2016-10-22</subfield>
    <subfield code="y">BK</subfield>
  </datafield>
  <datafield tag="952" ind1=" " ind2=" ">
    <subfield code="0">0</subfield>
    <subfield code="1">0</subfield>
    <subfield code="4">0</subfield>
    <subfield code="7">0</subfield>
    <subfield code="8">MINING</subfield>
    <subfield code="a">JRU</subfield>
    <subfield code="b">JRU</subfield>
    <subfield code="c">SHELF-94-D</subfield>
    <subfield code="d">2016-10-22</subfield>
    <subfield code="e">Purchase</subfield>
    <subfield code="g">600.00</subfield>
    <subfield code="l">10</subfield>
    <subfield code="m">1</subfield>
    <subfield code="o">338.2</subfield>
    <subfield code="p">21348</subfield>
    <subfield code="r">2022-06-27 00:00:00</subfield>
    <subfield code="s">2022-06-18</subfield>
    <subfield code="w">2016-10-22</subfield>
    <subfield code="y">BK</subfield>
  </datafield>
  <datafield tag="952" ind1=" " ind2=" ">
    <subfield code="0">0</subfield>
    <subfield code="1">0</subfield>
    <subfield code="4">0</subfield>
    <subfield code="7">0</subfield>
    <subfield code="8">MINING</subfield>
    <subfield code="a">JRU</subfield>
    <subfield code="b">JRU</subfield>
    <subfield code="c">SHELF-94-D</subfield>
    <subfield code="d">2016-10-22</subfield>
    <subfield code="e">Purchase</subfield>
    <subfield code="g">600.00</subfield>
    <subfield code="l">8</subfield>
    <subfield code="m">3</subfield>
    <subfield code="o">338.2</subfield>
    <subfield code="p">21349</subfield>
    <subfield code="r">2022-06-27 00:00:00</subfield>
    <subfield code="s">2022-06-18</subfield>
    <subfield code="w">2016-10-22</subfield>
    <subfield code="y">BK</subfield>
  </datafield>
  <datafield tag="952" ind1=" " ind2=" ">
    <subfield code="0">0</subfield>
    <subfield code="1">0</subfield>
    <subfield code="4">0</subfield>
    <subfield code="7">0</subfield>
    <subfield code="a">JRU</subfield>
    <subfield code="b">MAIN</subfield>
    <subfield code="c">SHELF-6-D</subfield>
    <subfield code="d">2016-10-22</subfield>
    <subfield code="e">Purchase</subfield>
    <subfield code="g">600.00</subfield>
    <subfield code="l">0</subfield>
    <subfield code="o">338.2</subfield>
    <subfield code="p">21350</subfield>
    <subfield code="r">2016-10-22 00:00:00</subfield>
    <subfield code="w">2016-10-22</subfield>
    <subfield code="y">BK</subfield>
  </datafield>
</record>
